[Event "Muensterland Verbandsklasse-B 0607"]
[Site "Germany"]
[Date "2007.03.24"]
[Round "7.4"]
[White "Smyra, Werner"]
[Black "Musholt, Joachim"]
[Result "1/2-1/2"]
[WhiteElo "1769"]
[BlackElo "1755"]
[PlyCount "76"]
[EventDate "2006.09.23"]
[EventType "team-tourn"]
[EventRounds "9"]
[EventCountry "GER"]
[SourceTitle "EXT 2008"]
[Source "ChessBase"]
[SourceDate "2007.11.25"]
[SourceVersion "1"]
[SourceVersionDate "2007.11.25"]
[SourceQuality "1"]
[WhiteTeam "Luedinghausen"]
[BlackTeam "Suedlohn II"]
[WhiteTeamCountry "GER"]
[BlackTeamCountry "GER"]

1. e4 c5 2. Nf3 d6 3. d4 cxd4 4. Nxd4 Nf6 5. Nc3 a6 6. Be3 e5 7. Nb3 Be7 8. Be2 b5 9. f4 Qc7 10. 0-0 Bb7 11. Bf3 0-0 12. Qd3 Nc6 13. fxe5 Nxe5 14. Qe2 Nc4 15. Bc1 Rac8 16. Nd5 Nxd5 17. exd5 Bf6 18. c3 Rce8 19. Qf2 Ne5 20. Be4 Bc8 21. Qc2 Ng6 22. Rxf6 gxf6 23. Bh6 Re5 24. Bxf8 Kxf8 25. Rf1 Qe7 26. Bf3 Bf5 27. Qd2 Kg7 28. Nd4 Qd7 29. Qf2 Bd3 30. Re1 Rxe1+ 31. Qxe1 Ne5 32. Be4 Qg4 33. Bxd3 Nxd3 34. Qd2 Qe4 35. g3 Ne5 36. b3 Kg6 37. Qc2 Qxc2 38. Nxc2 Kf5 1/2-1/2

[Event "Muensterland Verbandsklasse-B 0607"]
[Site "Germany"]
[Date "2007.02.17"]
[Round "6.4"]
[White "Holtmannspoetter, Thomas"]
[Black "Smyra, Werner"]
[Result "0-1"]
[WhiteElo "1719"]
[BlackElo "1769"]
[PlyCount "76"]
[EventDate "2006.09.23"]
[EventType "team-tourn"]
[EventRounds "9"]
[EventCountry "GER"]
[SourceTitle "EXT 2008"]
[Source "ChessBase"]
[SourceDate "2007.11.25"]
[SourceVersion "1"]
[SourceVersionDate "2007.11.25"]
[SourceQuality "1"]
[WhiteTeam "Ochtrup"]
[BlackTeam "Luedinghausen"]
[WhiteTeamCountry "GER"]
[BlackTeamCountry "GER"]

1. e4 e5 2. Nf3 Nf6 3. Nc3 Bb4 4. d3 d6 5. Be2 c6 6. a3 Ba5 7. Bg5 Nbd7 8. 0-0 0-0 9. Qd2 Re8 10. Nh4 h6 11. Bxh6 Nxe4 12. dxe4 Bxc3 13. bxc3 Qxh4 14. Be3 Qxe4 15. Bd3 Qh4 16. f3 Qe7 17. Qf2 b6 18. Qg3 Nf8 19. Rfe1 f5 20. Bg5 Qf7 21. f4 e4 22. Be2 Nh7 23. Bh4 Re6 24. Bc4 d5 25. Bb3 Qh5 26. c4 Rh6 27. Be7 Be6 28. cxd5 cxd5 29. Bd6 Nf6 30. h3 Rg6 31. Qf2 Qxh3 32. Re3 Qh7 33. Rg3 Ng4 34. Qe1 Rh6 35. Rh3 Rxh3 36. gxh3 Qxh3 37. Qe2 Rc8 38. Rd1 Rc3 0-1

[Event "Muensterland Verbandsklasse-B 0607"]
[Site "Germany"]
[Date "2007.01.20"]
[Round "5.4"]
[White "Smyra, Werner"]
[Black "Wetterau, Georg"]
[Result "1/2-1/2"]
[WhiteElo "1769"]
[BlackElo "1859"]
[PlyCount "73"]
[EventDate "2006.09.23"]
[EventType "team-tourn"]
[EventRounds "9"]
[EventCountry "GER"]
[SourceTitle "EXT 2008"]
[Source "ChessBase"]
[SourceDate "2007.11.25"]
[SourceVersion "1"]
[SourceVersionDate "2007.11.25"]
[SourceQuality "1"]
[WhiteTeam "Luedinghausen"]
[BlackTeam "Nordwalde"]
[WhiteTeamCountry "GER"]
[BlackTeamCountry "GER"]

1. e4 e5 2. Nf3 Nc6 3. Bb5 a6 4. Ba4 Nf6 5. Qe2 Be7 6. c3 0-0 7. 0-0 d5 8. exd5 Nxd5 9. Bxc6 bxc6 10. Qxe5 Bd6 11. Qg5 f6 12. Qh4 Nf4 13. d4 g5 14. Qh6 Ne2+ 15. Kh1 Nxc1 16. Rxc1 Bg4 17. h3 Bxf3 18. gxf3 Bf4 19. Re1 Qd6 20. Na3 Rae8 21. Qh5 Rb8 22. Re2 Kg7 23. Rae1 Rf7 24. Nc4 Qd5 25. b3 Qd7 26. Ne3 f5 27. Ng2 Bd6 28. Qxg5+ Kh8 29. Re6 Rg8 30. Qe3 Rfg7 31. Nh4 Qf7 32. Qh6 Bf8 33. Qf6 Qxf6 34. Rxf6 Be7 35. Rh6 Bg5 36. Rh5 Bd2 37. Rd1 1/2-1/2

[Event "Muensterland Verbandsklasse-B 0506"]
[Site "Germany"]
[Date "2006.01.21"]
[Round "5.5"]
[White "Raus, Michael"]
[Black "Smyra, Werner"]
[Result "1/2-1/2"]
[WhiteElo "1723"]
[BlackElo "1734"]
[PlyCount "72"]
[EventDate "2005.09.03"]
[EventType "team-tourn"]
[EventRounds "9"]
[EventCountry "GER"]
[SourceTitle "EXT 2006"]
[Source "ChessBase"]
[SourceDate "2005.11.24"]
[SourceVersion "1"]
[SourceVersionDate "2005.11.24"]
[SourceQuality "1"]
[WhiteTeam "Steinfurt"]
[BlackTeam "Luedinghausen"]
[WhiteTeamCountry "GER"]
[BlackTeamCountry "GER"]

1. e4 e5 2. Nf3 Nf6 3. Nc3 Bb4 4. d3 d6 5. Bg5 h6 6. Bh4 g5 7. Bg3 Nh5 8. a3 Ba5 9. b4 Bb6 10. Nd5 Bg4 11. Be2 c6 12. Nxb6 Qxb6 13. c3 c5 14. Nd2 Nxg3 15. hxg3 Bxe2 16. Qxe2 Nd7 17. Nc4 Qc7 18. Ne3 0-0-0 19. Nd5 Qb8 20. Qg4 b6 21. Kd2 Rde8 22. a4 Re6 23. a5 Kd8 24. Qf3 Ke8 25. g4 Kf8 26. b5 Kg7 27. c4 Nf6 28. Ne3 Ree8 29. Nf5+ Kg6 30. a6 Qd8 31. Ng3 Re6 32. Rh3 Kg7 33. Nf5+ Kf8 34. Rah1 Ng8 35. Rh5 Rg6 36. Qe2 Qf6 1/2-1/2

[Event "Muensterland Verbandsklasse-B 0506"]
[Site "Germany"]
[Date "2005.11.05"]
[Round "2.5"]
[White "Sindermann, Erwin"]
[Black "Smyra, Werner"]
[Result "1/2-1/2"]
[WhiteElo "1771"]
[BlackElo "1734"]
[PlyCount "28"]
[EventDate "2005.09.03"]
[EventType "team-tourn"]
[EventRounds "9"]
[EventCountry "GER"]
[SourceTitle "EXT 2006"]
[Source "ChessBase"]
[SourceDate "2005.11.24"]
[SourceVersion "1"]
[SourceVersionDate "2005.11.24"]
[SourceQuality "1"]
[WhiteTeam "Duelmen"]
[BlackTeam "Luedinghausen"]
[WhiteTeamCountry "GER"]
[BlackTeamCountry "GER"]

1. Nf3 Nf6 2. d4 c5 3. c4 g6 4. Nc3 cxd4 5. Nxd4 d5 6. Bf4 Nc6 7. e3 Bg7 8. Nxc6 bxc6 9. Be5 0-0 10. Be2 Qa5 11. Qa4 Qxa4 12. Nxa4 Ne4 13. Bxg7 Kxg7 14. f3 Nd6 1/2-1/2

[Event "Muensterland Verbandsklasse-B 0405"]
[Site "Muensterland"]
[Date "2005.03.05"]
[Round "7.2"]
[White "Smyra, Werner"]
[Black "Voelker, Christian"]
[Result "0-1"]
[WhiteElo "1734"]
[BlackElo "1965"]
[PlyCount "74"]
[EventDate "2004.09.11"]
[EventType "team-tourn"]
[EventRounds "9"]
[EventCountry "GER"]
[SourceTitle "EXT 2006"]
[Source "ChessBase"]
[SourceDate "2005.11.24"]
[SourceVersion "1"]
[SourceVersionDate "2005.11.24"]
[SourceQuality "1"]
[WhiteTeam "Luedinghausen"]
[BlackTeam "Stadtlohn"]
[WhiteTeamCountry "GER"]
[BlackTeamCountry "GER"]

1. e4 c5 2. Nf3 e6 3. d4 cxd4 4. Nxd4 Nf6 5. Bd3 Qb6 6. Nb3 d5 7. Be3 Qc7 8. N1d2 Bd6 9. Nd4 a6 10. h3 h6 11. c3 Nbd7 12. Qa4 0-0 13. 0-0 b5 14. Qb3 Bb7 15. f3 Rad8 16. exd5 Nxd5 17. Bf2 Nc5 18. Qc2 Nxd3 19. Qxd3 Qe7 20. Rfe1 Nf4 21. Qf1 Qg5 22. Kh1 Nxh3 23. Be3 Nf4 24. Ne4 Qh4+ 25. Kg1 Bxe4 26. Bf2 Qg5 27. Rxe4 Nh3+ 28. Kh1 Nxf2+ 29. Qxf2 Bg3 30. Qe3 Qh5+ 31. Kg1 f5 32. Rxe6 f4 33. Qc1 Rfe8 34. Re4 Qh2+ 35. Kf1 Qh1+ 36. Ke2 Qxg2+ 37. Kd3 Qxf3+ 0-1

[Event "Muensterland Verbandsklasse-B 0304"]
[Site "Germany"]
[Date "2003.12.13"]
[Round "4.6"]
[White "Smyra, Werner"]
[Black "Zoern, Friedrich"]
[Result "0-1"]
[WhiteElo "1722"]
[BlackElo "1793"]
[PlyCount "106"]
[EventDate "2003.09.20"]
[EventType "team-tourn"]
[EventRounds "9"]
[EventCountry "GER"]
[SourceTitle "EXT 2005"]
[Source "ChessBase"]
[SourceDate "2004.11.15"]
[SourceVersion "1"]
[SourceVersionDate "2004.11.15"]
[SourceQuality "1"]
[WhiteTeam "Luedinghausen"]
[BlackTeam "Muenster IV"]
[WhiteTeamCountry "GER"]
[BlackTeamCountry "GER"]

1. e4 c6 2. d4 d5 3. Nc3 g6 4. Be3 Bg7 5. Qd2 dxe4 6. Nxe4 Nd7 7. Bc4 Ndf6 8. Ng5 e6 9. N1f3 Ne7 10. Ne5 0-0 11. h4 Nfd5 12. Ngf3 Nxe3 13. fxe3 f6 14. Nd3 h5 15. Nf4 Qd6 16. 0-0-0 Bh6 17. g3 Kg7 18. Qh2 Nd5 19. Qf2 Qe7 20. Kb1 e5 21. Nxd5 cxd5 22. Bxd5 Bg4 23. Rde1 Rad8 24. Bb3 b5 25. Nh2 Be6 26. Bxe6 Qxe6 27. Rhg1 f5 28. Nf3 e4 29. Nd2 a5 30. Nb3 Qb6 31. Qd2 b4 32. Nc1 Rd7 33. Ne2 Rfd8 34. Nf4 Kh7 35. Qe2 Bg7 36. Qc4 Rc7 37. Qb3 Rd6 38. Nd5 a4 39. Nxb6 axb3 40. Na4 bxc2+ 41. Kc1 Bh6 42. Rg2 Rxd4 43. Rxc2 Rxc2+ 44. Kxc2 Rd3 45. Nc5 Rxe3 46. Rxe3 Bxe3 47. Na6 Bf2 48. Nxb4 Bxg3 49. a4 f4 50. a5 f3 51. Kd1 e3 52. Nd3 e2+ 53. Kd2 Bxh4 0-1